000 00769nam a2200229Ia 4500
008 191130s2009##################000#0#eng##
020 _a9781599049809
022 _a2008024204
040 _aACL
_cACL
082 _a910.784678 REE
100 _aRees, P. H
245 _aE-learning for geographers : online materials, resources, and repositories
_cPhilip Rees ... [et al.]
260 _aHershey, PA
_bInformation Science Reference
_cc2009
300 _axxx, 331 p. : ill. ; 29 cm
650 _aDistance education
650 _aGeography - Computer-assisted instruction
650 _aGeography - Study and teaching - Audio-visual aids
650 _aInternet in education
990 _aa27d5a99ac10000c39dbd431e5356102
991 _a106101
999 _c157977
_d157977